000 00235nam a2200121Ia 4500
100 _aFesto
942 _cBK
654 _aLogic
245 _aProgrammable Logic Controllers
260 _bnone
_aNONE
546 _aENGLISH
999 _c32852
_d32852